<?xml version="1.0" encoding="UTF-8"?>
<marc:record xmlns:marc="http://www.loc.gov/MARC21/slim">
   <marc:leader>00000nam a2200000 a 4500</marc:leader>
   <marc:datafield ind1="1" ind2=" " tag="100">
      <marc:subfield code="a">Venditti, Robert</marc:subfield>
      <marc:subfield code="4">aut</marc:subfield>
      <marc:subfield code="e">Verfasser/-in</marc:subfield>
   </marc:datafield>
   <marc:datafield ind1=" " ind2=" " tag="653">
      <marc:subfield code="a">Comic</marc:subfield>
   </marc:datafield>
   <marc:datafield ind1="0" ind2="0" tag="245">
      <marc:subfield code="a">Die Schlacht um das Labyrinth</marc:subfield>
   </marc:datafield>
   <marc:datafield ind1=" " ind2="1" tag="264">
      <marc:subfield code="b">Carlsen Verlag GmbH</marc:subfield>
      <marc:subfield code="c">2021</marc:subfield>
   </marc:datafield>
   <marc:datafield ind1="1" ind2=" " tag="490">
      <marc:subfield code="a">Percy Jackson - Der Comic</marc:subfield>
   </marc:datafield>
   <marc:datafield ind1="1" ind2=" " tag="520">
      <marc:subfield code="a">Percy und das magische Labyrinth 
Die Armee des Kronos wird immer stärker! Nun ist auch Camp Half-Blood nicht mehr vor ihr sicher, denn das magische Labyrinth des Dädalus hat einen geheimen Ausgang mitten im Camp. Nicht auszudenken, was passiert, wenn der Titan und seine Verbündeten den Weg dorthin finden! Percy und seine Freunde müssen das unbedingt verhindern. Unerschrocken treten sie eine Reise ins Unbekannte an, hinunter in das unterirdische Labyrinth, das ständig seine Form verändert. Und hinter jeder Biegung lauern neue Gefahren. [Verlagstext]

Die Percy-Jackson als Comic-Reihe: 

    Band 1: Diebe im Olymp 
    Band 2: Im Bann des Zyklopen 
    Band 3: Der Fluch des Titanen 
    Band 4: Die Schlacht um das Labyrinth 
    Band 5: Die letzte Göttin</marc:subfield>
   </marc:datafield>
   <marc:datafield ind1=" " ind2=" " tag="020">
      <marc:subfield code="a">9783551775641</marc:subfield>
      <marc:subfield code="9">9783551775641</marc:subfield>
   </marc:datafield>
</marc:record>
